Chiral Auxiliaries and Chirogenesis (Record no. 31852)
[ view plain ]
| 000 -LEADER | |
|---|---|
| fixed length control field | 00866nam a2200133Ia 4500 |
| 008 - FIXED-LENGTH DATA ELEMENTS--GENERAL INFORMATION | |
| fixed length control field | 220620s9999||||xx |||||||||||||| ||und|| |
| 020 ## - INTERNATIONAL STANDARD BOOK NUMBER | |
| International Standard Book Number | 9783040000000 |
| 245 #0 - TITLE STATEMENT | |
| Title | Chiral Auxiliaries and Chirogenesis |
| 546 ## - LANGUAGE NOTE | |
| Language note | English[eng] |
| 650 ## - SUBJECT ADDED ENTRY--TOPICAL TERM | |
| Topical term or geographic name entry element | buckybowl||corannulene||sumanene||bowl chirality||bowl inversion||asymmetric synthesis||chiral resolution||helicene||chiral auxiliaries||supramolecular chirogenesis||chirality||mechanical chirality||mecanostereochemistery||supramolecular chirality||rotaxane||aminolysis||heterocycle||receptors||enantioselective recognition||hydrogen bonding||conformational rigidity||configuration||diastereomeric interactions||macrocycle size||pyridine||dipolar interactions||cucurbiturils||hemicucurbiturils||symmetry breaking||helixes |
| 700 ## - ADDED ENTRY--PERSONAL NAME | |
| Personal name | Borovkov, Victor |
| 856 ## - ELECTRONIC LOCATION AND ACCESS | |
| Uniform Resource Identifier | <a href="https://mdpi.com/books/pdfview/book/3949">https://mdpi.com/books/pdfview/book/3949</a> |
| 942 ## - ADDED ENTRY ELEMENTS (KOHA) | |
| Koha item type | E-Books |
| Withdrawn status | Lost status | Damaged status | Not for loan | Home library | Current library | Date acquired | Total Checkouts | Date last seen | Price effective from | Koha item type |
|---|---|---|---|---|---|---|---|---|---|---|
| Kerala University of Digital Sciences, Innovation and Technology Knowledge Centre | Kerala University of Digital Sciences, Innovation and Technology Knowledge Centre | 20/06/2022 | 20/06/2022 | 20/06/2022 | E-Books |